Empfindsamkeit /

Bibliographic Details
Main Author: Sauder, Gerhard
Format: Book
Language:German
Published: Stuttgart : J.B. Metzler, 1974-
Subjects:

MARC

Tag First Indicator Second Indicator Subfields
LEADER 00000cam a2200000 a 4500
001 in00000629621
005 20151015053540.0
008 741126s19749999gw b 00110 germd
010 |a  75531982  
020 |a 3476004414 
035 |a (OCoLC)01087872 
035 |9 ACU5630AM 
040 |c COO  |d TXA  |d UtOrBLW 
049 |a TXAM  |d [  |v =bd.]  |v 1 [1554018]  |v 3 [1500879] 
090 |a PT295  |b .S2 
100 1 |a Sauder, Gerhard. 
245 1 0 |a Empfindsamkeit /  |c Gerhard Sauder. 
264 1 |a Stuttgart :  |b J.B. Metzler,  |c 1974- 
300 |a volumes ;  |c 24 cm. 
336 |a text  |b txt  |2 rdacontent 
337 |a unmediated  |b n  |2 rdamedia 
338 |a volume  |b nc  |2 rdacarrier 
504 |a Includes bibliographies and indexes. 
505 0 |a Bd. 1. Voraussetzungen und Elemente -- Bd. 3. Quellen und Dokumente 
650 0 |a German literature  |y 18th century  |x History and criticism. 
650 0 |a Sentimentalism in literature. 
999 |a MARS 
999 f f |s 8528ce0d-b259-3a9a-89ed-5ba9539a476e  |i de35e096-d305-3fdf-ad84-58991894c806  |t 0 
952 f f |p normal  |a Texas A&M University  |b College Station  |c Sterling C. Evans Library  |d Evans: Library Stacks  |t 0  |e PT295 .S2  |h Library of Congress classification  |i unmediated -- volume  |k bd.1  |m A14804138682 
952 f f |p normal  |a Texas A&M University  |b College Station  |c Sterling C. Evans Library  |d Evans: Library Stacks  |t 0  |e PT295 .S2  |h Library of Congress classification  |i unmediated -- volume  |k bd.3  |m A14804138690 
998 f f |a PT295 .S2  |s bd.1,bd.3  |t 0  |l Evans: Library Stacks